00326nam a22001217a 4500003000400000008004100004020001800045100001800063245005900081260003200140300001000172650002200182OSt201119b ||||| |||| 00| 0 eng d a9789389000399 aNirvan, Kiran a21 Kesaria: The Untold Story of the Battle of Saragarh aNew DelhibBloomsburyc2019 a194p. aB.A Hons. English